| 000 | 00692cam a2200229 a 4500 | ||
|---|---|---|---|
| 001 | 000018267 | ||
| 005 | 20200929165428.0 | ||
| 008 | 800310s1981 nyu b 001 0 eng d | ||
| 020 | _a0688036333 | ||
| 040 |
_aDO-SdBNP _beng _cLC _dBNPHU |
||
| 082 |
_a616.8527 _bB967f |
||
| 100 | 1 |
_aBurns, David D. _939562 |
|
| 245 | 1 | 0 |
_aFeeling good : _bthe new mood therapy / _cDavid D. Burns ; prólogo Aaron T. Beck. |
| 260 |
_aNew York : _bNew American Library, _c1981. |
||
| 300 |
_a416 p. ; _c18 cm. |
||
| 490 | 1 | _aSignet Book | |
| 650 | 4 |
_aDepresión mental _92432 |
|
| 650 | 4 |
_aTerapia cognoscitiva _939563 |
|
| 830 | 0 |
_aSignet Book _939564 |
|
| 910 | _aCatalogación derivada | ||
| 049 | _aBNGR | ||
| 999 |
_c17788 _d17788 |
||